|
|
|
|
| LEADER |
00898nam a2200229 a 4500 |
| 001 |
1494122 |
| 008 |
100413s1989 caua b 001 0 eng d |
| 010 |
|
|
|a 88031524
|
| 020 |
|
|
|a 0874847893
|
| 040 |
|
|
|a DLC
|c DLC
|d DLC
|d BD-DhAAL
|
| 082 |
0 |
0 |
|a 306
|2 19
|
| 245 |
0 |
0 |
|a Applying anthropology :
|b an introductory reader /
|c selected by Aaron Podolefsky, Peter J. Brown.
|
| 260 |
|
|
|a Mountain View, Calif. :
|b Mayfield Pub. Co.,
|c c1989.
|
| 300 |
|
|
|a xvi, 282 p. :
|b ill. ;
|c 28 cm.
|
| 504 |
|
|
|a Includes bibliographies and index.
|
| 541 |
1 |
|
|e 00004360
|
| 650 |
|
0 |
|a Applied anthropology.
|
| 700 |
1 |
|
|a Podolefsky, Aaron.
|
| 700 |
1 |
|
|a Brown, Peter J.
|
| 852 |
4 |
|
|a Ayesha Abed Library
|j General shelf
|
| 999 |
|
|
|c 8087
|d 8087
|
| 952 |
|
|
|0 0
|1 0
|2 ddc
|4 0
|6 306_APP_198900000000000
|7 0
|9 9210
|a BRACUL
|b BRACUL
|c GEN
|d 2010-04-13
|g 0.00
|l 2
|o 306 APP
|p 3010004360
|r 2013-04-21
|s 2012-12-23
|t 1
|w 2010-04-13
|y BK
|z Not price in Register
|